| 000 | 00883nmc a2200313 a 4500 | ||
|---|---|---|---|
| 003 | AR-BaBNM | ||
| 005 | 20251128203713.0 | ||
| 008 | 077019s1966 ||||||||||||||000 | spa|| | ||
| 040 | _cAR-BaBNM | ||
| 100 | 1 | _aIbarguren, Federico | |
| 245 | 1 | 0 |
_aAsi fue Mayo _b1810-1814 |
| 260 |
_aBuenos Aires _bEdiciones Theoria _c1966 |
||
| 300 | 0 | _a164 p. | |
| 490 | 0 | _aBiblioteca de estudios históricos | |
| 500 | 0 | _aContiene índice p. 163-164 | |
| 600 | 1 | 4 | _aMoreno, Mariano |
| 600 | 1 | 4 |
_aArtigas, José Gervasio _d1764-1850 |
| 650 | 4 | _aHISTORIA DE LAS IDEAS | |
| 650 | 4 | _aREVOLUCION DE MAYO | |
| 650 | 4 | _aANTECEDENTES DE LA REVOLUCION DE MAYO | |
| 650 | 4 | _aSEMANA DE MAYO | |
| 650 | 4 | _aHISTORIA POLITICA ARGENTINA | |
| 650 | 4 | _aASAMBLEA DE 1813 | |
| 650 | 4 | _aDIRECTORIO | |
| 650 | 4 | _aINDEPENDENCIA ARGENTINA | |
| 651 | 4 | _aArgentina | |
| 942 | _cBK | ||
| 998 | _cmariana | ||
| 999 |
_c4556 _d4556 |
||